<?xml version="1.0" encoding="UTF-8"?>
<record
    xmlns:xsi="http://www.w3.org/2001/XMLSchema-instance"
    xsi:schemaLocation="http://www.loc.gov/MARC21/slim http://www.loc.gov/standards/marcxml/schema/MARC21slim.xsd"
    xmlns="http://www.loc.gov/MARC21/slim">

  <leader>01451nam a22002417a 4500</leader>
  <controlfield tag="003">DO-SdBNP</controlfield>
  <controlfield tag="005">20180403103751.0</controlfield>
  <controlfield tag="008">160411b        dr||||| |||| 00| 0 spa d</controlfield>
  <datafield tag="040" ind1=" " ind2=" ">
    <subfield code="a">BPMSU</subfield>
    <subfield code="b">spa</subfield>
    <subfield code="c">BPMSU</subfield>
  </datafield>
  <datafield tag="092" ind1=" " ind2=" ">
    <subfield code="a">372.7</subfield>
    <subfield code="b">N964m,  [200-?]</subfield>
  </datafield>
  <datafield tag="245" ind1=" " ind2=" ">
    <subfield code="a">Nueva matem&#xE1;tica :</subfield>
    <subfield code="b">[educaci&#xF3;n b&#xE1;sica]</subfield>
  </datafield>
  <datafield tag="260" ind1=" " ind2=" ">
    <subfield code="a">Santo Domingo : </subfield>
    <subfield code="b">Mundilibro,</subfield>
    <subfield code="c">[20--?]</subfield>
  </datafield>
  <datafield tag="300" ind1=" " ind2=" ">
    <subfield code="a">206 p. : </subfield>
    <subfield code="b">il. :</subfield>
    <subfield code="c"> 24 cm</subfield>
  </datafield>
  <datafield tag="505" ind1=" " ind2=" ">
    <subfield code="g">capitulo 1. </subfield>
    <subfield code="t">adici&#xF3; y sustraci&#xF3;n</subfield>
    <subfield code="g">capitulo 2</subfield>
    <subfield code="t">multiplicaci&#xF3;n y divisi&#xF3;n</subfield>
    <subfield code="g">capitulo 3 </subfield>
    <subfield code="t">pontencias y raices cuadradas de n&#xFA;meros naturales</subfield>
    <subfield code="g">capitulo 4</subfield>
    <subfield code="t">n&#xFA;meros fraccionarios adici&#xF3;n y sustracci&#xF3;n</subfield>
    <subfield code="g">capitulo 5</subfield>
    <subfield code="t">n&#xFA;meros fraccionarios multiplicaci&#xF3;n y divisi&#xF3;n</subfield>
    <subfield code="g">capitulo 6</subfield>
    <subfield code="t">n&#xFA;meros decimales y operaciones con n&#xFA;meros decimales</subfield>
    <subfield code="g">capitulo 7</subfield>
    <subfield code="t">porcentajes</subfield>
    <subfield code="g">capitulo 8</subfield>
    <subfield code="t">proporcionalidad y sus aplicaciones</subfield>
    <subfield code="g">capitulo 9</subfield>
    <subfield code="t">dibujos a escala</subfield>
    <subfield code="g">capitulo 10</subfield>
    <subfield code="t">estadistica descriptiva</subfield>
    <subfield code="g">capitulo 11</subfield>
    <subfield code="t">sistema de medidas reducciones</subfield>
    <subfield code="g">capitulo 12</subfield>
    <subfield code="t">n&#xFA;meros denominados</subfield>
    <subfield code="g">capitulo 13</subfield>
    <subfield code="t">poligonos medidas</subfield>
    <subfield code="g">capitulo 14</subfield>
    <subfield code="t">medidas de superficie areas de poligonos</subfield>
    <subfield code="g">capitulo 15</subfield>
    <subfield code="t">medidas de volumen mediciones de cuerpos</subfield>
  </datafield>
  <datafield tag="650" ind1=" " ind2=" ">
    <subfield code="a">MATEM&#xC1;TICAS</subfield>
    <subfield code="x">ENSE&#xD1;ANZA B&#xC1;SICA</subfield>
  </datafield>
  <datafield tag="650" ind1=" " ind2=" ">
    <subfield code="a">MATEM&#xC1;TICAS</subfield>
    <subfield code="x">ENSE&#xD1;ANZA ELEMENTAL</subfield>
  </datafield>
  <datafield tag="650" ind1=" " ind2=" ">
    <subfield code="a">EDUCACI&#xD3;N PRIMARIA</subfield>
    <subfield code="z">REP&#xDA;BLICA DOMINICANA</subfield>
  </datafield>
  <datafield tag="650" ind1=" " ind2=" ">
    <subfield code="a">MATEM&#xC1;TICAS</subfield>
    <subfield code="x">ESTUDIOS Y EJERCICIOS</subfield>
  </datafield>
  <datafield tag="910" ind1=" " ind2=" ">
    <subfield code="a">Validado. Control de calidad MFF</subfield>
  </datafield>
  <datafield tag="942" ind1=" " ind2=" ">
    <subfield code="2">ddc</subfield>
    <subfield code="c">BK</subfield>
  </datafield>
  <datafield tag="945" ind1=" " ind2=" ">
    <subfield code="a">Inventariado, 2018 / BT</subfield>
  </datafield>
  <datafield tag="952" ind1=" " ind2=" ">
    <subfield code="0">0</subfield>
    <subfield code="1">0</subfield>
    <subfield code="2">ddc</subfield>
    <subfield code="4">0</subfield>
    <subfield code="7">0</subfield>
    <subfield code="8">CG</subfield>
    <subfield code="a">BPMET</subfield>
    <subfield code="b">BPMET</subfield>
    <subfield code="d">2016-04-12</subfield>
    <subfield code="e">Donaci&#xF3;n</subfield>
    <subfield code="l">0</subfield>
    <subfield code="o">372.7 N964m 6to  [200-?]</subfield>
    <subfield code="p">BPMSU16040345</subfield>
    <subfield code="r">2016-04-12</subfield>
    <subfield code="w">2016-04-12</subfield>
    <subfield code="y">BK</subfield>
  </datafield>
  <datafield tag="956" ind1=" " ind2=" ">
    <subfield code="a">daysi garcia</subfield>
  </datafield>
  <datafield tag="999" ind1=" " ind2=" ">
    <subfield code="c">9676</subfield>
    <subfield code="d">9676</subfield>
  </datafield>
</record>
